000 00322nam a22001457a 4500
008 240205b ||||| |||| 00| 0 eng d
020 _a9781591844358
041 _aeng
080 _22011
_a37
082 _a37DIX
100 _a23
101 _aEDUKIM
245 _aTHE CHALLENGER SALE
_cMATTHEW DIXON
942 _2udc
_cBK
999 _c60582
_d60582